000 00579nmm a2200169Ia 4500
008 251105s9999||||xx |||||||||||||||||und||
020 _a9788484898917
041 _aspa
100 _aTorres Villarroel, Diego
245 0 _aEncanto y triunfo de amor :
_b (Y otras obras inéditas de academias salmantinas de principios del siglo XVIII)
264 _a[Madrid, España] :
_bIberoamericana Vervuert,
_c2016
300 _a160 páginas
490 _aClásicos Hispánicos
650 _aSpanish literature
856 _uhttps://public.digitaliapublishing.com/a/57468
942 _cCF
999 _c86864
_d86864